Diseño de pavimento de losas cortas de concreto Hidráulico en el tramo de carretera Granada- El Paso de Poneloya estación Inicial 0+000.00- Estación Final 28+000.00
Se realiza el cálculo del espesor de losa de concreto hidráulico para pavimento rígido en el tramo de carretera Granada - El Paso de Paneloya el cual tiene una longitud de 28 kilómetros.
| Main Author: | |
|---|---|
| Other Authors: | |
| Format: | Tesis Section = Libro |
| Language: | Undetermined Spanish |
| Published: |
Managua
UNI
2014
|
| Subjects: |
| LEADER | 01023nam a2200241Ia 4500 | ||
|---|---|---|---|
| 008 | 240830s9999 xx 000 0 und d | ||
| 040 | |a BIBLIOTECA-RUPAP T.Mon 625.85 L431 | ||
| 041 | |a spa | ||
| 082 | |a T.Mon 625.85 L431 | ||
| 100 | 1 | |a Lazo Rodríguez, Uriel David | |
| 245 | 1 | 0 | |a Diseño de pavimento de losas cortas de concreto Hidráulico en el tramo de carretera Granada- El Paso de Poneloya estación Inicial 0+000.00- Estación Final 28+000.00 |
| 260 | |a Managua |b UNI |c 2014 | ||
| 300 | |a 64 p. :il. | ||
| 500 | |a Contiene: anexos. | ||
| 502 | |a Tesis (Ingeniero Civil)- UNI, 2014. | ||
| 520 | 3 | |a Se realiza el cálculo del espesor de losa de concreto hidráulico para pavimento rígido en el tramo de carretera Granada - El Paso de Paneloya el cual tiene una longitud de 28 kilómetros. | |
| 650 | 7 | |a PAVIMENTOS | |
| 650 | 7 | |b PAVIMENTOS DE ASFALTO | |
| 650 | 7 | |c PAVIMENTOS- DISEÑO Y CONSTRUCCION | |
| 700 | 1 | |a Tutor: |b Bustamante Arteaga, José Fernando | |
| 942 | |c BK |2 ddc | ||
| 991 | |a TESIS | ||
| 999 | |c 18354 | ||